Najtrudniejsze języki na świecie - Statystyki

Ogólne statystyki
  • Ten quiz został rozwiązany 57 razy
  • Średni wynik to 5 z 11
Statystyki odpowiedzi
liczba osób mówiących w tym języku Język % Poprawnych
45 mln Polski
100%
1,3 mld Chiński
98%
130 mln Japoński
90%
77,2 mln Koreański
63%
250 mln. Arabski
57%
6 mln Fiński
45%
15 mln. Grecki
25%
320 tys. Islandzki
25%
5,3 mln. Hebrajski
18%
1,2 mln Baskijski
12%
100 tys. Nawaho
10%
Nie znaleziono quizów pasujących do podanych kryteriów
Rozkład punktacji
Procent ludzi z każdym wynikiem
Percentyl według liczby udzielonych odpowiedzi
Twoja historia wyników
Nie rozwiązałeś tego quizu